000 00591nam a2200229Ia 4500
003 OSt
005 20221005095931.0
006 a|||||r|||| 00| 0
007 ta
008 221004b |||||||| |||| 00| 0 eng d
024 _a53634
037 _cTextual
040 _aCRL
_cCRL
_beng
041 _2eng
_aeng
082 _aRv41M, M3.1
100 _aFung Yu-Lan
245 0 _aHistory of Chinese Philosophy
260 _aPrinceton
_bPrinceton University
_c1983
650 _aPHILOSOPHY
942 _hRv41M, M3.1
_cTEXL
_2cc
999 _c1004362
_d1004362